Sports Quiz

Random Sports or Hockey Quiz
Score 0/200 Timer 19:00
8 Plays Today
% Correct
Sidney Crosby
85.2%
Sidney Crosby
85.2%
Joe Thornton
82.8%
Joe Thornton
82.8%
Joe Thornton
82.8%
Alex Ovechkin
82.4%
Alex Ovechkin
82.4%
Nicklas Lidström
81.7%
Nicklas Lidström
81.7%
Nicklas Lidström
81.7%
Nicklas Lidström
81.7%
Nicklas Lidström
81.7%
Jarome Iginla
81.4%
Jarome Iginla
81.4%
Jarome Iginla
81.4%
Jarome Iginla
81.4%
Jarome Iginla
81.4%
Jarome Iginla
81.2%
Alex Ovechkin
81.1%
Joe Sakic
80.2%
Joe Sakic
80.2%
Joe Sakic
80.2%
Jaromir Jagr
79.9%
Jaromir Jagr
79.9%
Jaromir Jagr
79.9%
Jaromir Jagr
79.9%
Jaromir Jagr
79.9%
Jaromir Jagr
79.9%
Jaromir Jagr
79.9%
Martin Brodeur
78.8%
Martin Brodeur
78.8%
Martin Brodeur
78.8%
Martin Brodeur
78.8%
Martin St. Louis
77.1%
Daniel Alfredsson
76.7%
Daniel Alfredsson
76.7%
Daniel Alfredsson
76.7%
Daniel Alfredsson
76.7%
Daniel Alfredsson
76.7%
Daniel Alfredsson
76.7%
Vincent Lecavalier
72.5%
Vincent Lecavalier
72.5%
Ilya Kovalchuk
72.2%
Ilya Kovalchuk
72.2%
Ilya Kovalchuk
72.2%
Teemu Selänne
72%
Teemu Selänne
72%
Teemu Selänne
72%
Jaromir Jagr
71.8%
Ilya Kovalchuk
70.4%
Evgeni Malkin
69.9%
Evgeni Malkin
69.9%
Dany Heatley
69.6%
Dany Heatley
69.6%
Patrick Roy
69.5%
Patrick Roy
69.5%
Patrick Roy
69.5%
Peter Forsberg
69.5%
Peter Forsberg
69.5%
Andre Roy
69.3%
Mats Sundin
68.7%
Mats Sundin
68.7%
Mats Sundin
68.7%
Dominik Hasek
66.8%
Dominik Hasek
66.8%
Dominik Hasek
66.8%
Dominik Hasek
66.8%
% Correct
Roberto Luongo
66.3%
Roberto Luongo
66.3%
Roberto Luongo
66.3%
Chris Pronger
65.1%
Chris Pronger
65.1%
Pavel Datsyuk
64.1%
Chris Osgood
62.2%
Chris Osgood
62.2%
Marian Hossa
62.2%
Marian Hossa
62.2%
Marian Hossa
62.2%
Marian Hossa
62.2%
Marian Hossa
62.2%
Marian Hossa
62.2%
Patrik Elias
62.2%
Patrik Elias
62.2%
Markus Näslund
61.7%
Markus Näslund
61.7%
Markus Näslund
61.7%
Markus Näslund
61.7%
Scott Niedermayer
61.5%
Scott Niedermayer
61.5%
Mario Lemieux
60.3%
Patrick Marleau
59.1%
Patrick Marleau
59.1%
Milan Hejduk
58.9%
Milan Hejduk
58.9%
Milan Hejduk
58.9%
Marian Hossa
58.2%
Pavel Bure
57.1%
Jean-Sebastien Giguere
55.4%
Jean-Sebastien Giguere
55.4%
Evgeni Nabokov
55.2%
Evgeni Nabokov
55.2%
Tim Thomas
55%
Marty Turco
54.4%
Marty Turco
54.4%
Marty Turco
54.4%
Marty Turco
54.4%
Pavel Bure
54.2%
Pavel Bure
54.2%
Henrik Lundqvist
53.7%
Henrik Lundqvist
53.7%
Zdeno Chara
53.1%
Rob Blake
53%
Rob Blake
53%
Nicklas Backstrom
52.8%
Nicklas Backstrom
52.8%
Niklas Backstrom
52.8%
Ryan Miller
52.4%
Mike Richards
52.3%
Ed Belfour
50.8%
Ed Belfour
50.8%
Brendan Shanahan
49.9%
Jose Theodore
49.6%
Sergei Gonchar
49.4%
Sergei Gonchar
49.4%
Olaf Kölzig
49%
Miikka Kiprusoff
48.3%
Shane Doan
46.7%
Brian Rafalski
46%
Brian Rafalski
46%
Brendan Shanahan
46%
Brendan Shanahan
46%
Eric Staal
45.7%
Sergei Zubov
45.5%
Sergei Zubov
45.5%
% Correct
Mark Recchi
43.4%
Tomas Kaberle
42.7%
Tomas Vokoun
42.5%
Tomas Vokoun
42.5%
Steve Mason
42.2%
Steve Mason
42.2%
Al MacInnis
42%
Marc Savard
41.8%
Scott Gomez
41.8%
Keith Tkachuk
41.1%
Brian Leetch
39.7%
Raymond Bourque
39.7%
Al MacInnis
39.6%
Alex Kovalev
39.1%
Tie Domi
36.9%
Alex Tanguay
36.6%
Alex Tanguay
36.6%
Alex Tanguay
36.6%
Olli Jokinen
36.1%
Jonas Hiller
35.4%
Jonas Hiller
35.4%
Jonathan Toews
34.7%
Chris Chelios
34.2%
Chris Neil
32.2%
Patrick Lalime
31.1%
Ray Emery
30.4%
Simon Gagne
30.3%
Dion Phaneuf
29.2%
Doug Weight
28.7%
Donald Brashear
26.8%
Andrew Brunette
25.8%
Andrew Brunette
25.8%
Tomas Holmstrom
25.4%
Roman Cechmanek
25.3%
Roman Cechmanek
25.3%
Brian Rolston
25.2%
Kimmo Timonen
24.5%
Manny Legace
24%
Sean Avery
22.7%
Kris Draper
22.3%
Cristobal Huet
21.2%
Miroslav Satan
21%
Brian Rolston
20.3%
Brian Rolston
20.3%
Owen Nolan
19.9%
Ziggy Palffy
19.6%
Roman Turek
17.4%
Mathieu Schneider
17.1%
John Madden
15.6%
Steve Sullivan
13.8%
Vaclav Prospal
13.4%
Bobby Ryan
13.1%
Gary Roberts
13%
Jody Shelley
11.7%
Ty Conklin
10.1%
Matthew Barnaby
9%
Peter Worrell
8.9%
Igor Larionov
7%
Mike Grier
5.6%
Martin Skoula
5%
Ian Laperriere
5%
Marek Malik
4.4%
Mark Parrish
4.4%
Sean O'Donnell
3.6%
Andrew Cogliano
3.5%
Jan Hrdina
2.6%

You're not logged in!

Compare scores with friends on all Sporcle quizzes.
OR
Log In

Sporcle TV

Today on Sporcle TV


Watch our educational content, quiz creation guides, and fun videos on Sporcle TV.

Show Comments

Extras

Top Quizzes Today


Score Distribution

Paid Content

Your Account Isn't Verified!

In order to create a playlist on Sporcle, you need to verify the email address you used during registration. Go to your Sporcle Settings to finish the process.

Report this User

Report this user for behavior that violates our Community Guidelines.

Details: